00542 2200193 4500001002100000005001700021008004100038035002500079082000800104090001500112100001200127245006300139260003500202300003600237500003100273650002000304850001200324990001200336YOGYA-0209000000451020150601102434.0 ind  a0010-020900000004510 a001 a001bWin P aWINARDI aPengantar tentang teori sistem dan analisa sistemcWinardi aJakartabKarya Nusantarac1980 aix, 179 hlm. :bilus. ;c21 cm. aBibliografi : hlm. 179-180 aAnalisis sistem aYOPDYOG a13312-P